Statystyki dla Quiz o Armenii

Kliknij tutaj aby rozwiązać quiz!

Ogólne statystyki

  • Ten quiz został rozwiązany 1 907 razy
  • Średni wynik to 12 z 19

Statystyki odpowiedzi

WskazówkaOdpowiedź% Poprawnych
Państwa granicząceAzerbejdżan
97%
Gruzja
97%
Turcja
95%
Państwo, którego Armenia była częścią do 1991 rokuZwiązek Radziecki
94%
Państwa poza Armenią, w których znajduje się najwięcej osób pochodzenia ormiańskiegoRosja
91%
Iran
88%
StolicaErywań
87%
Pasmo górskie, w którym leży ArmeniaKaukaz
81%
Imperium, które dokonało ludobójstwa na Ormianach w latach 1914–1923Imperium Osmańskie
79%
Armenia jest miejscem pierwszej znanej produkcji tego napoju (4100 p.n.e.)Wino
60%
Około 300 roku Armenia stała się pierwszym krajem, który oficjalnie to przyjąłChrześcijaństwo
59%
Armenia ma najwięcej arcymistrzów na mieszkańca w tym sporcie
* wśród krajów> 1 milion ludzi
Szachy
54%
Stany Zjednoczone
53%
Alfabet angielski ma 26, grecki 24, a ormiański 39Litery
52%
Wysoka góra w sąsiednim państwie, która jest narodowym symbolem ArmeniiArarat
31%
Uważa się, że owoce, których nazwa rozpoczyna się od litery M, pochodzą z ArmeniiMorele
24%
Jezioro, które stanowi około 4% powierzchni ArmeniiSewan
18%
Waluta ArmeniiDram
17%
Armenia po ormiańsku{Haja}stan
16%

Rozkład punktacji

Percentyl według liczby udzielonych odpowiedzi

Procent ludzi z każdym wynikiem

Twoja historia wyników

Nie rozwiązałeś tego quizu